000 01566nam0a2200349 4500
001 RU\NLR\BIBL_A\011626343
005 20231221125739.0
010 _a978-5-89332-280-4
_93000
021 _aRU
_bКН-П-18-001199
_9КН-П-18-0079
035 _a(NLR Aleph) 011626343
035 _a(RuMoRGB)009513555
090 _a11010077
_c11010077
100 _a20180212d2018 u y0rusy50 ca
101 1 _arus
_cchi
102 _aRU
105 _ay z 000ay
200 1 _aПапапа
_eсовременная китайская повесть
_e[сборник
_fсоставитель Н. К. Хузиятова]
_gперевод с китайского Е. Ю. Фокиной [и др.]
210 _aСанкт-Петербург
_cГиперион
_d2018
215 _a381, [2] с.
_d21
225 1 _aБиблиотека китайской литературы
_v9
327 1 _aСодерж.: авт.: Хань Шаогун, Мо Янь, Янь Лянькэ, Дэн Игуан, Лю Хэн
333 _aДля читателей старше 14 лет
686 _aШ9(2)72(5Кит)
_2rubbk
686 1 _aШ6(5Кит)77-440.4я43{Лх2179-50сб}
702 1 _aХузиятова
_bН. К.
_gНадежда Константиновна
_4220
702 1 _4730
_7ca
_8rus
_aФокина
_bЕ. Ю.
_cпереводчик
_gЕкатерина Юрьевна
_9263162
_3RU\NLR\AUTH\770263218
942 _cBOOK
980 _aNBR
980 _aNB